01501nam a2200445 i 450000100060000000300090000600500170001500800390003201500190007102000150009003500230010503500360012803500140016403500210017803500230019903500440022204000280026604100080029404600090030208000110031108000150032208000120033710000380034924500660038726000890045330000280054233600270057033700540059733800280065138000160067938800140069538800140070950400140072365000280073765000380076565500350080365800340083871000850087285600980095741647KOSZ 00520220606095316.0000530s2000 pl a f |000 0 pol aUWD 2000/10188 a8387673935 a991014012439705066 a(PL-WaBN)b13767501-48omnis_nlop ab13767501 a(OCoLC)749747592 a(PL)b0000001376750 a(EXLNZ-48OMNIS_NETWORK)9910479074205606 aWA NcWA NdKOSZ 005/HR0 apol k2000 a657.47 a658.14/.17 a(075.8)1 aSojak, Sławomird(1952- )eAutor10aRachunek kosztów :bwybrane zagadnienia /cSławomir Sojak. aToruń :bTowarzystwo Naukowe Organizacji i Kierownictwa "Dom Organizatora",c2000. a239 s. :bil. ;c24 cm. aTekstbtxt2rdacontent aBez urządzenia pośredniczącegobn2rdamedia aWoluminbnc2rdacarrier aKsiążki a1901-2000 a1989-2000 aBibliogr. 7aRachunek kosztów2DBN 7aRachunkowość zarządcza2DBN 7aPodręczniki akademickie2DBN aGospodarka, ekonomia, finanse2 aDom Organizatora w Toruniu (Towarzystwo Naukowe Organizacji i Kierownictwa)4pbl uhttp://koha.tu.koszalin.pl/cgi-bin/koha/opac-detail.pl?biblionumber=41647yKatalog online BPK